000 01073cam a22002531i 4500
003 SA-RiAUC
005 20250523134859.0
008 250522q19001999||| g 000 0dara c
040 _aSA-JeALM
_bara
_cSA-RiAUC
_erda
082 0 4 _a240
090 _a240
_b هـ ر ا
100 1 _aهراس، محمد خليل،
_d1916-1975
_eمؤلف.
245 1 0 _aدعوة التوحيد :
_bأصولها، الأدوار التي مرت بها، مشاهير دعاتها /
_cمحمد خليل هراس.
250 _aالطبعة الثانية.
_bمنقحة ومزيدة.
264 1 _aطنطا - مصر :
_bمكتبة الحاج إبراهيم مصطفى،
_bمطبعة عاطف وسيد طه وشركاهما
_bالمؤلف.
_c[بين 1900 و1999]
300 _a280 صفحة
_c20 سم.
336 _aنص
_btxt
_2rdacontent
_3كتاب
337 _aبدون وسيط
_bn
_2rdamedia
338 _aمجلد
_bnc
_2rdacarrier
650 7 _aعلم الكلام
_2aucsh
650 7 _aالدعاة
_vتراجم
_2aucsh
942 _2ddc
_cBOOK
_n0
949 _aSA-JeALM
_d250522
_uosman123
_n1
999 _c8258
_d8258